000 00509nam a2200193 a 4500
001 1771563657110
003 YourLibrary
005 20260220105812.0
008 260220s1997##################000#0#eng##
020 _a9780198288572
082 0 4 _a338.18
_bFEN
100 1 _aFennell, Rosemary,
_eauthor.
245 1 0 _aThe Common Agricultural Policy :
260 _bOUP Oxford,
_c1997.
300 _a468 pages
650 0 _aBusiness & Economics.
942 _cENGLISH
040 _aYourLibrary
_beng
_cYourLibrary
999 _c613205
_d613205